Manažment dobrovoľníkov

Vymedzenie pojmu dobrovoľník. Zmena prístupu práce s dobrovoľníkmi. Základné princípy manažmentu dobrovoľníkov. Vzťahy medzi manažérom dobrovoľníkov, vedením organizácie, zamestnancami a dobrovoľníkmi.

Salvato in:
Dettagli Bibliografici
Autore principale: Majdúchová, Helena, 1963-
Natura: Capitolo di libro
Lingua:slovacco
Soggetti:
Tags: Aggiungi Tag
Nessun Tag, puoi essere il primo ad aggiungerne!!

MARC

LEADER 00000naa$a2200000$$$4500
001 0048258
005 20240502071544.2
041 0 |a slo 
044 |a SK 
245 1 0 |a Manažment dobrovoľníkov  |c Helena Majdúchová 
520 |a Vymedzenie pojmu dobrovoľník. Zmena prístupu práce s dobrovoľníkmi. Základné princípy manažmentu dobrovoľníkov. Vzťahy medzi manažérom dobrovoľníkov, vedením organizácie, zamestnancami a dobrovoľníkmi. 
610 2 0 |a manažment 
610 2 0 |a dobrovoľníctvo 
610 2 0 |a organizácie neziskové 
610 2 0 |a práca s ľuďmi 
610 2 0 |a práca sociálna 
610 2 0 |a motivácia pracovná 
100 1 |a Majdúchová, Helena, 1963-